Loading...
| Social Science | 0 | 1 | 0 | 0 | 10 | 84 | 84.00 | 0 | 0 | 7.90 | 14.29 |
| Fine Arts - Other | 0 | 1 | 0 | 0 | 10 | 119 | 119.00 | 0 | 0 | 4.04 | 9.38 |
| Science - Chemistry | 0 | 1 | 0 | 0 | 10 | 78 | 78.00 | 0 | 1 | 2.61 | 7.86 |
| Fine Arts - Classical Music | 0 | 1 | 0 | 1 | 10 | 128 | 128.00 | 0 | 0 | 4.06 | 12.41 |
| History - Other | 0 | 1 | 0 | 1 | 10 | 102 | 102.00 | 1 | 1 | 4.68 | 11.16 |
| History - World | 0 | 1 | 0 | 0 | 10 | 80 | 80.00 | 0 | 0 | 12.76 | 17.95 |
| Literature - British | 0 | 1 | 0 | 0 | 10 | 108 | 108.00 | 0 | 0 | 6.88 | 15.65 |
| Literature - European | 0 | 1 | 0 | 0 | 10 | 70 | 70.00 | 0 | 1 | 6.08 | 12.50 |
| Literature - World | 0 | 1 | 0 | 0 | 10 | 112 | 112.00 | 0 | 0 | 2.07 | 8.21 |
| Mythology | 0 | 1 | 0 | 0 | 10 | 62 | 62.00 | 0 | 1 | 5.92 | 15.18 |
| Philosophy | 0 | 1 | 0 | 0 | 10 | 44 | 44.00 | 0 | 0 | 3.53 | 4.80 |
| Fine Arts - Painting and Sculpture | 0 | 0 | 0 | 0 | 0 | 0.00 | 0 | 0 | 3.41 | 11.34 | |
| Religion | 0 | 0 | 1 | 0 | -5 | 0.00 | 0 | 0 | 7.38 | 10.98 |